LEADER 01297cam0-2200337---450 001 990005485940403321 005 20220117133151.0 035 $a000548594 035 $aFED01000548594 035 $a(Aleph)000548594FED01 035 $a000548594 100 $a19990604d1843----km-y0itay50------ba 101 0 $aita 102 $aIT 105 $aaf------000yy 200 1 $aCenni sulla maniera di rinvenire i vasi fittili italo-greci$esulla loro costruzione, sulle loro fabbriche più distinte e sulla progressione e decadimento dell'arte vasaria$fdi Raffaele Gargiulo 205 $a2. ed. riv. e corretta con l'aggiunta di nuove osservazioni 210 $aNapoli$cTip. Virgilio$d1843 215 $a40 p., 16 tav.$cill.$d28 cm 610 0 $aCeramiche italiote 676 $a930.1 676 $a738.0901 700 1$aGargiulo,$bRaffaele$09916 801 0$aIT$bUNINA$gRICA$2UNIMARC 856 4 $zVisualizza la versione elettronica in SBNWeb$uhttps://books.google.it/books?id=Nf6feAyURikC&printsec=frontcover&hl=it&source=gbs_ge_summary_r&cad=0#v=onepage&q&f=false$e20220117 901 $aBK 912 $a990005485940403321 952 $aSG 900/C 19 (3)$bARCH. 13324$fFLFBC 959 $aFLFBC 996 $aCenni sulla maniera di rinvenire i vasi fittili italo-greci$9589869 997 $aUNINA LEADER 00955nam a22002651i 4500 001 991003447789707536 005 20030825092607.0 008 031111s1979 uik|||||||||||||||||eng 020 $a058255294X 035 $ab12427718-39ule_inst 035 $aARCHE-046100$9ExL 040 $aDip.to Lingue$bita$cA.t.i. Arché s.c.r.l. Pandora Sicilia s.r.l. 082 04$a407.6 100 1 $aOller, John W.$0456288 245 10$aLanguage tests at school :$ba pragmatic approach /$cJohn W. Oller 260 $aLondon :$bLongman,$c1979 300 $a492 p. ;$c22 cm 440 0$aApplied linguistics and language study 650 4$aLingue$xInsegnamento 907 $a.b12427718$b02-04-14$c13-11-03 912 $a991003447789707536 945 $aLE012 D 274$g1$i2012000071919$lle012$o-$pE0.00$q-$rl$s- $t0$u0$v0$w0$x0$y.i12851449$z13-11-03 996 $aLanguage tests at school$9166495 997 $aUNISALENTO 998 $ale012$b13-11-03$cm$da $e-$feng$guik$h0$i1